| 000 | 00609nam a22001937a 4500 | ||
|---|---|---|---|
| 999 |
_c6865 _d6865 |
||
| 003 | AR-CdUCM | ||
| 008 | 190319b ||||| |||| 00| 0 spa d | ||
| 040 |
_aMUNICIPALIDAD PROVINCIAL DEL CUSCO _cBIBLIOTECA MUNICIPAL DEL CUSCO |
||
| 082 |
_a807.08 / _bA62 |
||
| 245 | _aAntología del humor universal / | ||
| 260 | _bTalleres gráficos La Confianza, | ||
| 300 |
_a125 páginas ; _c17.5 cm |
||
| 500 | _aDonación familia Nieto. Sin lugar ni fecha donde se editó. | ||
| 650 |
_aHumorismo _99885 |
||
| 650 |
_aSiglo XX _98 |
||
| 700 |
_aSofocleto (selección) _919344 |
||
| 942 |
_2ddc _cLIBROS |
||
| 945 | _aafb | ||